LEADER 01693nam0 22003853i 450 001 VAN00282460 005 20251104024503.838 017 70$2N$a9783319415239 100 $a20241104d2016 |0itac50 ba 101 $aeng 102 $aCH 105 $a|||| ||||| 181 $ai$b e 182 $ab 183 $acr 200 1 $aAdhesion G Protein-coupled Receptors$eMolecular, Physiological and Pharmacological Principles in Health and Disease$f editors Tobias Langenhan, Torsten Schöneberg 210 $aCham$cSpringer$d2016 215 $aXIV, 403 p.$cill.$d24 cm 410 1$1001VAN00271316$12001 $aHandbook of Experimental Pharmacology$1210 $aCham$cSpringer$d1957-$v234 620 $aCH$dCham$3VANL001889 676 $a576.5$cGenetica$v22 676 $a612$cFisiologia umana$v22 676 $a615.1$cFarmacologia. Farmaci. Farmacia$v22 676 $a615.9$cTossicologia$v22 676 $a571.6$cBiologia cellulare$v22 702 1$aLangenhan$bTobias$3VANV235294 712 $aSpringer $3VANV108073$4650 801 $aIT$bSOL$c20251107$gRICA 856 4 $uhttps://link.springer.com/book/10.1007/978-3-319-41523-9$zE-book - Accesso al full-text attraverso riconoscimento IP di Ateneo, proxy e/o Shibboleth 899 $aBIBLIOTECA DEL DIPARTIMENTO DI SCIENZE E TECNOLOGIE AMBIENTALI BIOLOGICHE E FARMACEUTICHE$1IT-CE0101$2VAN17 912 $fN 912 $aVAN00282460 950 $aBIBLIOTECA DEL DIPARTIMENTO DI SCIENZE E TECNOLOGIE AMBIENTALI BIOLOGICHE E FARMACEUTICHE$d17CONS e-book 177 $e17BIB177/6 6 20241104 996 $aAdhesion G Protein-coupled Receptors$92527543 997 $aUNICAMPANIA